| 000 | 00554nam a2200193 a 4500 | ||
|---|---|---|---|
| 001 | 000019188 | ||
| 005 | 20200929165939.0 | ||
| 008 | 100527s1988 ag a r 000 p spa d | ||
| 020 | _a9509845078 | ||
| 040 |
_aDO-SdBNP _bspa _cBNPHU |
||
| 082 |
_aCU861.44 _bM939e |
||
| 100 | 1 |
_aMozo, Emilio M., _d1941- _941298 |
|
| 245 | 1 | 0 | _aEn el ala del mosquito /. |
| 260 |
_aBuenos Aires, Argentina : _bEditor Interamericano, _c1988. |
||
| 300 |
_a66 p. : _bil. ; _c18 cm. |
||
| 650 | 4 |
_aPoesÃa cubana _95226 |
|
| 650 | 4 |
_aLiteratura cubana _91483 |
|
| 049 | _aBNGR | ||
| 999 |
_c18706 _d18706 |
||